| 000 | 00977nam a2200253Ia 4500 | ||
|---|---|---|---|
| 003 | GCL | ||
| 008 | 140319s9999 xx 000 0 ara d | ||
| 040 |
_aGCL / _cGCL |
||
| 082 | 0 | 4 |
_a621.38173 _bو د |
| 100 | 1 | _aسمير ابراهيم شاهين (مترجم) | |
| 245 | 1 | 0 |
_aالدوائر المتكاملة الرقمية والحاسبات / _cسمير ابراهيم شاهين (مترجم) |
| 700 | 1 | _aاحمد عزيز كمال \\=aوولارد, بارى ج .v | |
| 260 |
_a[S.N] : _bالدار الدولية للنشر والتوزيع ، _c1993 |
||
| 300 | _a216 ص | ||
| 490 | _a | ||
| 650 | 0 | 4 | _aالهندسة الالكترونية |
| 650 | 0 | 4 | _aالحاسبات الالكترونية |
| 650 | 0 | 4 | _aالدوائر الالكترونية |
| 650 | 0 | 4 | _aالالكترونات |
| 650 | 0 | 4 | _aالدوائر الكهربائية |
| 650 | 0 | 4 | _aالدوائر المتكاملة |
| 650 | 0 | 4 | _aالالكترونيات الرقمية |
| 942 |
_2ddc _cBK |
||
| 999 |
_c30188 _d30188 |
||